Ďalšia liberalizácia obchodu

Výhodnosť vzájomnej spolupráce Česka, Maďarska, Poľska so Slovenskou republikou na základe Stredoeurópskej dohody o voľnom obchode (CEFTA), platnej od r.1993. Hodnotenie prvých troch rokov spolupráce v rámci CEFTA.

Gespeichert in:
Bibliographische Detailangaben
1. Verfasser: Šucha, Jozef
Format: Buchkapitel
Sprache:Slowakisch
Schlagworte:
Tags: Tag hinzufügen
Keine Tags, Fügen Sie das erste Tag hinzu!

MARC

LEADER 00000naa a2200000 4500
001 r021579
005 20230825075438.6
041 0 |a slo 
044 |a SK 
245 1 0 |a Ďalšia liberalizácia obchodu  |c Jozef Šucha 
520 |a Výhodnosť vzájomnej spolupráce Česka, Maďarska, Poľska so Slovenskou republikou na základe Stredoeurópskej dohody o voľnom obchode (CEFTA), platnej od r.1993. Hodnotenie prvých troch rokov spolupráce v rámci CEFTA. 
610 2 0 |a CEFTA 
610 2 0 |a spolupráca hospodárska medzinárodná 
610 2 0 |a Česko 
610 2 0 |a Maďarsko 
610 2 0 |a Slovensko 
610 2 0 |a liberalizácia 
610 2 0 |a obchod zahraničný 
610 2 0 |a obchod voľný 
100 1 |a Šucha, Jozef